Obálka
Pro půjčování e-knih musíte být přihlášeni.
Jak si půjčit online?

Isabela a bílé mraky /

Uloženo v:
Série:Isabela, část 1
Hlavní autor: Peroutková, Ivana, 1960- (Autor)
Další autoři: Kajnarová, Zuzana, 1982- (Autor), Nováková, Jindřiška, 1954- (Vypravěč-komentátor)
Médium: E-audiokniha
Jazyk:Czech
Vydáno: Praha : Albatros, 2025
Témata:
Příbuzné jednotky:Z cyklu:: Isabela
Tagy:
Žádné tagy
LEADER 03679nim a2200865 i 4500
001 313410
003 CZ PrSKC
005 20260601215742.0
007 sd fungnnmmned
008 250623s2025 xr nnnng f n cze
015 |a cnb003691285 
020 |a 9788000077901 :  |c Kč 299,00 
040 |a ABA001  |b cze  |e rda 
072 7 |a 821.162.3-3  |x Česká próza  |2 Konspekt 
072 7 |a 821-93  |x Literatura pro děti a mládež (beletrie)  |2 Konspekt 
080 |a 821.162.3-32  |2 MRF 
080 |a (0:82-32)  |2 MRF 
080 |a (086.7.053.2)  |2 MRF 
080 |a (086.7)08  |2 MRF 
080 |a (086.76)  |2 MRF 
100 1 |a Peroutková, Ivana,  |d 1960-  |7 jn20000401963  |4 aut 
245 1 0 |a Isabela a bílé mraky /  |c Ivana Peroutková 
264 1 |a Praha :  |b Albatros,  |c 2025 
300 |a 1 audiodisk (2 hod., 31 min.) ;  |c 12 cm 
306 |a 023100 
336 |a mluvené slovo  |b spw  |2 rdacontent 
337 |a audio  |b s  |2 rdamedia 
338 |a audiodisk  |b sd  |2 rdacarrier 
344 |a digital  |b optical  |2 rda 
347 |a audio soubor  |b MP3  |2 rda 
500 |a Název z disku 
500 |a V první stopě audioknihy nesprávně uvedeno "Nakladatelství Voxi uvádí audioknihu..." 
500 |a Podle stejnojmenné knihy vydané nakladatelstvím Albatros v roce 2022 
500 |a Nezkrácená audiokniha ve formátu MP3 
508 |a Režie, Jindřiška Nováková 
511 0 |a Čte Zuzana Kajnarová 
518 |o Nahráno  |d 2025  |p studio Karpofon (AudioStory) 
521 8 |a Pro posluchače od 10 let 
655 7 |a české příběhy  |7 fd133973  |2 czenas 
655 7 |a zvukové záznamy pro děti a mládež  |7 fd186726  |2 czenas 
655 7 |a audioknihy  |7 fd119452  |2 czenas 
655 7 |a kompaktní disky  |7 fd201991  |2 czenas 
655 9 |a Czech stories  |2 eczenas 
655 9 |a juvenile sound recordings  |2 eczenas 
655 9 |a audiobooks  |2 eczenas 
655 9 |a compact discs  |2 eczenas 
700 1 |a Kajnarová, Zuzana,  |d 1982-  |7 xx0045423  |4 nrt 
700 1 |a Nováková, Jindřiška,  |d 1954-  |7 jn20010601354  |4 drt 
787 0 8 |i Z cyklu:  |t Isabela  |g 1 
900 |a ABA001  |b 19 
044 |a xr 
505 0 0 |t 01_Na co myslim kdyz se divam do nebe A (6 min., 25 sek.) 
505 0 0 |t 02_Prevratne rozhodnuti rodicu (6 min., 56 sek.) 
505 0 0 |t 03_Naposled ve starem byte a poprve na statku (9 min., 48 sek.) 
505 0 0 |t 04_Radostne i krusne zacatky (8 min., 21 sek.) 
505 0 0 |t 05_Zabydlovani (3 min., 49 sek.) 
505 0 0 |t 06_Kozy a kozi chlivek (9 min., 17 sek.) 
505 0 0 |t 07_Tajuplny nalez (5 min., 43 sek.) 
505 0 0 |t 08_Ocekavani (3 min., 56 sek.) 
505 0 0 |t 09_Roztrzka (7 min., 47 sek.) 
505 0 0 |t 10_Prvni den ve skole (7 min., 16 sek.) 
505 0 0 |t 11_Trucovani (6 min., 27 sek.) 
505 0 0 |t 12_Neznamy kluk (2 min., 48 sek.) 
505 0 0 |t 13_Co zpusobil vatak nebo vlastne smradoch (6 min., 50 sek.) 
505 0 0 |t 14_Ve vlaku sem a tam (8 min., 33 sek.) 
505 0 0 |t 15_Pres hory, doly a rokle (10 min., 36 sek.) 
505 0 0 |t 16_Streda (10 min., 19 sek.) 
505 0 0 |t 17_Uvahy o rozhaneci mraku (3 min., 47 sek.) 
505 0 0 |t 18_Ach moje sobota (9 min., 9 sek.) 
505 0 0 |t 19_Setkani na koleckacich (10 min., 4 sek.) 
505 0 0 |t 20_Nemoc a rozhovor s Martinkou i Tomasem (6 min., 6 sek.) 
505 0 0 |t 21_Podekovani smradochovi (5 min., 58 sek.) 
910 |a RBIT002 
998 |d 418156  |a https://core.palmknihy.cz/api/books/418156/cover?svj6ak  |b https://core.palmknihy.cz/api/books/418156/cover/400?svj6ak  |c https://core.palmknihy.cz/api/books/418156/cover/50?svj6ak  |e 2032-12-31  |i 9788000077901  |l 9060  |q 49  |r 1  |s https://www.palmknihy.cz/kniha/418156  |t audiobook  |y 2025  |z 0  |v Isabela  |w 1 
999 |d 313408